El ABC fiscal de los sueldos y salarios (Record no. 30309)

MARC details
000 -LEADER
fixed length control field 00759nam a22001937a 4500
005 - DATE AND TIME OF LATEST TRANSACTION
control field 20240305110223.0
008 - FIXED-LENGTH DATA ELEMENTS--GENERAL INFORMATION
fixed length control field 120417t mx ||||| |||| 00| 0 spa d
020 ## - INTERNATIONAL STANDARD BOOK NUMBER
International Standard Book Number 9783687266884
050 04 - LIBRARY OF CONGRESS CALL NUMBER
Classification number KGF4638
Item number M37 2012
100 1# - MAIN ENTRY--PERSONAL NAME
Personal name Martínez Gutiérrez, Javier
245 13 - TITLE STATEMENT
Title El ABC fiscal de los sueldos y salarios
Statement of responsibility, etc / Javier Martínez Gutiérrez.
246 13 - VARYING FORM OF TITLE
Title proper/short title El ABC fiscal de los sueldos y salarios
Remainder of title : 2012 : con 60 casos practicos : impuestos sobre la renta, seguro social, infonavit, impuestos locales, ley federal del trabajo.
250 ## - EDITION STATEMENT
Edition statement 5a ed.
260 ## - PUBLICATION, DISTRIBUTION, ETC. (IMPRINT)
Place of publication, distribution, etc México :
Name of publisher, distributor, etc Ediciones fiscales Isef,
Date of publication, distribution, etc 2012
300 ## - PHYSICAL DESCRIPTION
Extent 247 p. ;
Dimensions 20 cm.
650 #7 - SUBJECT ADDED ENTRY--TOPICAL TERM
Source of heading or term lemb
Topical term or geographic name as entry element Impuesto sobre la renta
Geographic subdivision México
650 #7 - SUBJECT ADDED ENTRY--TOPICAL TERM
Source of heading or term lemb
Topical term or geographic name as entry element Salarios
Geographic subdivision México
942 ## - ADDED ENTRY ELEMENTS (KOHA)
Source of classification or shelving scheme Biblioteca del Cogreso de los Estados Unidos
Koha item type Libro
Holdings
Estado de pérdida Fuente de clasificación Estado del daño No para préstamo Ubicación permanente Ubicación actual Apartado o colección Fecha de adquisición Fuente de adquisición Edición Dependencia de educación superior (DES) Área del conocimiento Clasificación Código de Barras Date last seen Número de copia Costo por reposición Tipo de recurso
  Biblioteca del Cogreso de los Estados Unidos   Consulta Biblioteca de la Facultad de Contaduría y Ciencias Administrativas Biblioteca de la Facultad de Contaduría y Ciencias Administrativas General 17/04/2012 Unidad Académica 5a ed. Ciencias Económico Administrativas Ciencias Sociales y Administrativas KGF4638 M37 2012 BCCA000006361 17/04/2012 1 250.00 Libro